| 000 | 00868nam a2200277 a 4500 | ||
|---|---|---|---|
| 001 | 63793 | ||
| 003 | BD-RjUL | ||
| 005 | 20211209081232.0 | ||
| 008 | 170204r1998 enka|||| |||| 001 0 eng d | ||
| 020 | _a0415136989 (hbk) | ||
| 020 | _a0415136997 (pbk) | ||
| 035 | _a(BD-RjUL)63923 | ||
| 040 |
_aBD-RjUL _beng _cBD-RjUL |
||
| 041 | _aeng | ||
| 082 |
_223 _a941.086 _bBRI 1998 |
||
| 245 |
_aBritish cultural identities / _c Mike Storry; Peter Childs |
||
| 250 | _a1st ed. | ||
| 260 |
_aLondon : _bRoutledge, _cc1997 [reprinted 1998] |
||
| 300 |
_axxii, 350 p. : _bill. ; _c21 cm. |
||
| 500 | _aIncludes index | ||
| 650 |
_aPopular culture _xHistory _y20th century _z Great Britain _9189364 |
||
| 651 |
_aGreat Britain _xSocial life and customs _y 20th century _9189365 |
||
| 700 |
_aStorry, Mike _9189366 |
||
| 700 |
_a Childs, Peter _9189367 |
||
| 942 |
_2ddc _cBK |
||
| 999 |
_c63793 _d63793 |
||